Statistics for Communist Countries

Click here to take the quiz!

General Stats

  • This quiz has been taken 62 times
  • The average score is 4 of 5

Answer Stats

Answer% Correct
China
94%
North Korea
88%
Cuba
87%
Vietnam
75%
Laos
63%

Score Distribution

Percentile by Number Answered

Percent of People with Each Score

Your Score History

You have not taken this quiz